Statistics for Flags of States of Brazil

Click here to take the quiz!

General Stats

  • This quiz has been taken 783 times
    (782 since last reset)
  • The average score is 19 of 27

Answer Stats

Answer% Correct
São Paulo
90%
Minas Gerais
84%
Paraná
84%
Rio de Janeiro
82%
Acre
76%
Amazonas
75%
Bahia
74%
Santa Catarina
74%
Pernambuco
73%
Federal District
72%
Pará
71%
Paraíba
71%
Rio Grande do Sul
71%
Espírito Santo
70%
Maranhão
66%
Ceará
64%
Goiás
64%
Mato Grosso
64%
Mato Grosso do Sul
64%
Alagoas
63%
Rio Grande do Norte
62%
Tocantins
62%
Piauí
61%
Amapá
60%
Rondônia
59%
Roraima
59%
Sergipe
59%

Score Distribution

Percentile by Number Answered

Percent of People with Each Score

Your Score History

You have not taken this quiz since the last reset